TEXTBOOK OF MEDICINE (Record no. 14926)
[ view plain ]
| 000 -LEADER | |
|---|---|
| fixed length control field | 00308nam a22001457a 4500 |
| 003 - CONTROL NUMBER IDENTIFIER | |
| control field | SGT |
| 020 ## - INTERNATIONAL STANDARD BOOK NUMBER | |
| International Standard Book Number | 978-81-7473-173-9 |
| 082 ## - DEWEY DECIMAL CLASSIFICATION NUMBER | |
| Classification number | 616 |
| Item number | M17H |
| 100 ## - MAIN ENTRY--PERSONAL NAME | |
| Personal name | HOSSAIN,A.S.M.T |
| 245 ## - TITLE STATEMENT | |
| Title | TEXTBOOK OF MEDICINE |
| 260 ## - PUBLICATION, DISTRIBUTION, ETC. (IMPRINT) | |
| Place of publication, distribution, etc | DELHI |
| Name of publisher, distributor, etc | AITBS.PUB |
| Year of Publication | 2017 |
| 300 ## - PAGE DESCRIPTION | |
| No. of Pages | 717 |
| 650 ## - SUBJECT ADDED ENTRY--TOPICAL TERM | |
| Topical term or geographic name as entry element | AYURVEDA |
| 942 ## - ADDED ENTRY ELEMENTS (KOHA) | |
| Source of classification or shelving scheme | Dewey Decimal Classification |
| Koha item type | Books |
| Withdrawn status | Lost status | Source of classification or shelving scheme | Damaged status | Not for loan | Collection code | Home library | Current library | Shelving location | Date acquired | Vendor Name | Cost, normal purchase price | SGTU | Bill Number | Total Checkouts | Full call number | Accession No. (Barcode) | Date last seen | Date last borrowed | Bill Date | Koha item type |
|---|---|---|---|---|---|---|---|---|---|---|---|---|---|---|---|---|---|---|---|---|
| Dewey Decimal Classification | AYURVEDA | SGT FA-FP Library | SGT FA-FP Library | Text Book | 31/01/2018 | AHUJA PUB | 495.00 | SGTU | 9136 | 3 | 616 M17H | FA8060 | 18/12/2025 | 18/12/2025 | 04/01/2018 | Books | ||||
| Dewey Decimal Classification | AYURVEDA | SGT FA-FP Library | SGT FA-FP Library | Text Book | 31/01/2018 | AHUJA PUB | 495.00 | SGTU | 9136 | 4 | 616 M17H | FA8061 | 10/10/2019 | 03/10/2019 | 04/01/2018 | Books | ||||
| Dewey Decimal Classification | AYURVEDA | SGT FA-FP Library | SGT FA-FP Library | Text Book | 31/01/2018 | AHUJA PUB | 495.00 | SGTU | 9136 | 616 M17H | FA8062 | 31/01/2018 | 04/01/2018 | Books | ||||||
| Dewey Decimal Classification | AYURVEDA | SGT FA-FP Library | SGT FA-FP Library | Text Book | 31/01/2018 | AHUJA PUB | 495.00 | SGTU | 9136 | 4 | 616 M17H | FA8063 | 01/07/2019 | 15/06/2019 | 04/01/2018 | Books | ||||
| Dewey Decimal Classification | AYURVEDA | SGT FA-FP Library | SGT FA-FP Library | Text Book | 31/01/2018 | AHUJA PUB | 495.00 | SGTU | 9136 | 4 | 616 M17H | FA8064 | 05/08/2021 | 02/08/2021 | 04/01/2018 | Books |